=LDR 00000nam 2200000 4500 =001 INLIS000000000047302 =005 20151006105712.0 =006 =007 =008 =020 ##$$a 979-8001-12-5 =035 ##$$0010-101500000000013 =082 ##$$a 537 =090 ##$$a 537 sut f =100 ##$$a sutrisno =245 ##$$a seri fisika: fisika dasar mekanika =260 ##$$a Bandung $b ITB $c 1997 =300 ##$$a x, 260 hlm $c 30 cm =650 ##$$a NBPNMAT =990 ##$$a 0001/BPAP-NTB/2015 =990 ##$$a 0001/BPAP-NTB/2015